000 007700000a22002290004500
090 _aAR
_b03434
245 1 0 _aBombacaceae neotropicae novae vel minus cognitae III
_snuevas especies de Matisia y Quararibea de Colombia
650 1 4 _aBotánica
_9361
650 1 4 _aNuevas especies
_992905
650 1 4 _aTaxonomía vegetal
_992262
650 1 4 _aMorfología vegetal
_918295
650 1 4 _aDistribución geográfica
_992997
651 4 _pColombia
_992749
653 _gMatisia
_eMatisia gentryi
653 _gMantisia
_eMantisia racemifera
653 _gQuararibea
_eQuararibea cryptantha
653 _gQuararibea
_eQuararibea rangelii
041 0 _aEspañol
100 1 _aFernández Alonso, José Luis
_94621
942 _cARTICULO
773 1 _tNovon
_h3
_q343-351
_d2002
_g12
999 _c12485
_d12485